La novela de un novelista : escenas de la infancia y adolescencia /
Guardado en:
| Autor Principal: | |
|---|---|
| Formato: | Libro |
| Publicado: |
Buenos Aires :
Losada,
1957
|
| Edición: | 7a. ed. |
| Materias: | |
| Etiquetas: |
Agregar Etiqueta
Sin Etiquetas, Sea el primero en etiquetar este registro!
|
| LEADER | 00563nam a22001935a 4500 | ||
|---|---|---|---|
| 001 | CEM.cems004846 | ||
| 005 | 20060217000000.0 | ||
| 008 | 130507s1957##################000#0#####d | ||
| 003 | CEMS | ||
| 082 | 0 | 4 | |a 863.5 |
| 100 | 1 | |a Palacio Valdes, Armando | |
| 245 | 1 | 0 | |a La novela de un novelista : |b escenas de la infancia y adolescencia / |
| 250 | |a 7a. ed. | ||
| 260 | |a Buenos Aires : |b Losada, |c 1957 | ||
| 300 | |a 237 p. | ||
| 653 | |a Literatura | ||
| 653 | |a Novela española-siglo 19 | ||
| 653 | |a Novelas | ||
| 859 | |a CEMS |b BIB. CEMS - 11 de abril |h 863.5 |i P171-2a7 |p 9200.81 |t Ej.1 | ||
